El narrador (Registro nro. 321091)

Detalles MARC
000 -ENCABEZADO
Número de control [NR] 00936nam a22002297a 4500
005 - FECHA Y HORA DE LA ÚLTIMA TRANSACCIÓN
control field 20240924085228.0
008 - DE LONGITUD FIJA DE DATOS DE ELEMENTOS - INFORMACIÓN GENERAL
Elementos de longitud fija [NR] 220505s2016 cl |||gr|||| 00| 0 spa d
020 ## - NUMERO INTERNACIONAL NORMALIZADO PARA LIBROS [R]
Número Internacional Normalizado del libro [NR] 9789568415952
040 ## - FUENTE DE CATALOGACION [NR]
Agencia de catalogación original [NR] CO-BoUCM
Idioma de catalogación [NR] spa
Quien Cataloga Deissy Garcia
Quien Clasifica Deissy Garcia
041 1# - CODIGO DE IDIOMA [R]
Código de idioma para texto/pista de sonido o título separado [R] Español
Language code of original and/or intermediate translations of text ger
100 ## - ASIENTO PRINCIPAL--NOMBRE PERSONAL [NR]
ID Autoridad 54524
Nombre personal [NR] Benjamin, Walter
Fechas asociadas con el nombre [NR] 1892-1940
245 13 - MENCION DE TITULO [NR]
Título [NR] El narrador
Mención de responsabilidad, etc. [NR] Walter Benjamin ; introducción, traductor, notas e índices de Pablo Oyarzun R.
260 ## - PUBLICACION, DISTRIBUCION, ETC. (PIE DE IMPRENTA) [R]
Lugar de publicación, distribución, etc. [R] [Santiago de Chile]
Nombre del editor, distribuidor, etc. [R] Ediciones metales pesados
Fecha de publicación, distribución, etc. [R] 2016
300 ## - DESCRIPCION FISICA [R]
Extensión [R] 130 páginas
500 ## - NOTA GENERAL [R]
Nota general [NR] Bibliografía Básica - Escuela de Ciencias Humanas - Pregrado en Historia
504 ## - NOTA DE BIBLIOGRAFIA, ETC. [R]
Nota de bibliografía, etc. [NR] Incluye referencias bibliográficas
650 #7 - ASIENTO SECUNDARIO DE MATERIA - TERMINO TEMATICO [R]
Término temático o nombre geográfico como elemento de entrada [NR] Ensayos alemanes
Subdivisión cronológica [R] Siglo XX
9 (RLIN) 174561
650 #7 - ASIENTO SECUNDARIO DE MATERIA - TERMINO TEMATICO [R]
Término temático o nombre geográfico como elemento de entrada [NR] Filosofía alemana
9 (RLIN) 15765
Subdivisión general [R] Critica e interpretacion
700 1# - ASIENTO SECUNDARIO - NOMBRE PERSONAL [R]
9 (RLIN) 143222
Nombre personal [NR] Oyarzún Robles, Pablo
Término de relación [R] traductor
942 ## - ELEMENTOS DE ENTRADA AGREGADOS (KOHA)
Sistema de clasificación DEWEY
Tema principal Literatura
Tipo de ítem principal el descrito en 300a Libro
Edición 1
Clasificación 834.91
Parte restante de la signatura top. B468n
Título oculto en OPAC No
Existencias
Fecha de último préstamo Total préstamos Signatura topográfica Código de barras Última vez visto Ejemplar Costo de reposición Price effective from Tipo de ítem Perdido Sistema de clasificación Dañado No prestable Tipo de ítem específico Suprimido Ubicación habitual Ubicación actual Localización Fecha de creación Forma de adquisición Costo
12/09/2024 3 834.91 B468n 100170183 09/12/2025 Ej.1 83720.00 05/05/2022 Libro   DEWEY     Libro   Claustro Claustro 2do piso 05/05/2022 Compra 83720.00
    834.91 B468n 100173208 09/12/2025 Ej.2   24/09/2024 Libro   DEWEY     Libro   Claustro Claustro 2do piso 24/09/2024 Compra 101596.00